La Gestión de los servicios públicos locales / Francisco Sosa Wagner ; prólogo de Eduardo García de Enterría
ISBN:
84-470-1314-6
Descripción Física:
244 p. ; 20 cm
Colección:
Monografías Civitas
Otros Autores:
García de Enterría, Eduardo, 1923-2013
MARC
| LEADER | 00000nam a2200000Ia 4500 | ||
|---|---|---|---|
| 001 | 19074 | ||
| 008 | 160829s1999 xx 000 0 cat d | ||
| 020 | |a 84-470-1314-6 | ||
| 080 | |a M-3-264 | ||
| 100 | |a Sosa Wagner, Francisco |9 33062 | ||
| 245 | |a La Gestión de los servicios públicos locales / Francisco Sosa Wagner ; prólogo de Eduardo García de Enterría | ||
| 250 | |a 4a ed., rev. | ||
| 260 | |a Madrid : |b Civitas, |c 1999 | ||
| 300 | |a 244 p. ; |c 20 cm | ||
| 490 | |a Monografías Civitas | ||
| 650 | |a Serveis públics |x Espanya |9 44887 | ||
| 650 | 0 | |a Administració local |z Espanya |9 37433 | |
| 700 | 1 | |a García de Enterría, Eduardo, |d 1923-2013 |e autor del pròleg |9 24607 | |
| 901 | |a Arxiu | ||
| 942 | |n 1 |2 udc | ||
| 952 | |0 0 |1 0 |4 0 |6 M3264 |7 1 |9 52227 |a Arxiu |b Arxiu |d 2016-12-01 |l 0 |o M-3-264 |p 19074 |r 2016-12-01 00:00:00 |w 2016-12-01 |y ARXIU | ||
| 999 | |c 56075 |d 56075 | ||